000
00275 a2200145 4500
001
181472
020
_a
040
_c
Magnum
100
_a
Murad, Jose Elias
240
1
0
_a
Maconha
_l
por
245
1
0
_a
Maconha
362
0
_a
1899
697
_a
MAGNITO: GERAL
942
_c
BK
999
_c
181472
_d
181472